Diderot et le droit d'auteur avant la lettre : autour de la Lettre sur le commerce de la librairie (notice n° 1653839)

détails MARC
000 -LEADER
fixed length control field 01416cam a2200157 4500500
005 - DATE AND TIME OF LATEST TRANSACTION
control field 20260208005810.0
041 ## - LANGUAGE CODE
Language code of text/sound track or separate title fre
042 ## - AUTHENTICATION CODE
Authentication code dc
100 10 - MAIN ENTRY--PERSONAL NAME
Personal name Fujiwara, Mami
Relator term author
245 00 - TITLE STATEMENT
Title Diderot et le droit d'auteur avant la lettre : autour de la Lettre sur le commerce de la librairie
260 ## - PUBLICATION, DISTRIBUTION, ETC.
Date of publication, distribution, etc. 2005.<br/>
500 ## - GENERAL NOTE
General note 82
520 ## - SUMMARY, ETC.
Summary, etc. Au temps des Lumières, les libraires étaient toujours en position dominante dans le monde du livre. Par l’acquisition des manuscrits, ils se donnaient des droits sur les ouvrages littéraires. La plupart des écrivains étaient soumis à ce système, sans lequel ils ne pouvaient pas se faire imprimer. La Lettre sur le commerce de la librairie (1763) de Diderot est le premier livre dans lequel un écrivain français ait mis en question ce système d’édition. On s’attendrait donc à ce que le philosophe y présente, d’une manière ou d’une autre, la notion de propriété littéraire. En fait, il insiste plus que personne sur la valeur immatérielle de l’œuvre littéraire : il introduit, dans sa définition de la production de l’esprit, l’idée d’éléments émanant des profondeurs de l’être de l’auteur.
786 0# - DATA SOURCE ENTRY
Note Revue d'histoire littéraire de la France | 105 | 1 | 2005-02-01 | p. 79-94 | 0035-2411
856 41 - ELECTRONIC LOCATION AND ACCESS
Uniform Resource Identifier <a href="https://shs.cairn.info/revue-d-histoire-litteraire-de-la-france-2005-1-page-79?lang=fr&redirect-ssocas=7080">https://shs.cairn.info/revue-d-histoire-litteraire-de-la-france-2005-1-page-79?lang=fr&redirect-ssocas=7080</a>

Pas d'exemplaire disponible.

PLUDOC

PLUDOC est la plateforme unique et centralisée de gestion des bibliothèques physiques et numériques de Guinée administré par le CEDUST. Elle est la plus grande base de données de ressources documentaires pour les Étudiants, Enseignants chercheurs et Chercheurs de Guinée.

Adresse

627 919 101/664 919 101

25 boulevard du commerce
Kaloum, Conakry, Guinée

Réseaux sociaux

Powered by Netsen Group @ 2025